000 00961nam a2200229 a 4500
001 61994
003 BD-RjUL
005 20211209081028.0
008 170122s1977 ii ||||| |||| 00| 0 ben d
020 _c: IRs 12.00
035 _a(BD-RjUL)62119
040 _aBD-RjUL
_bben
_cBD-RjUL
041 _aben
082 _223
_a491.209
_bMUS 1977
100 _aমুখোপাধ্যায়, গোবিন্দগোপাল
_9184480
245 1 0 _aসাংস্কৃতিকী /
_cগোবিন্দগোপাল মুখোপাধ্যায়
260 _aকলিকাতা :
_bসংস্কৃত পুস্তক ভাণ্ডার,
_c১৯৭৭
300 _a[১০], ৯৭ পৃ. ;
_c২১ সেমি.
650 _aসাংস্কৃতিক ভাষা
_xইতিহাস ও সমালোচনা
_9184481
650 _aSanskrit language
_xHistory & Criticism
_9184482
942 _2ddc
_cBK
999 _c61994
_d61994